000 00705nam a2200241Ia 4500
005 20260430150636.0
008 008 250103s9999 xx 000 0 eng d
037 _aTheses
040 _aCRL
040 _beng
040 _ceng
041 _2eng
041 _aeng
084 _qCRL
100 _aGupta Priyanka Au.; Adarsh Anand Gu.
_91238084
245 0 _aManaging Design, Testing and Maintenance Phase of Software Development Through Mathematical Modeling
260 _c2023
300 _a194p.
650 _aOperations Research
700 _aUniversity of Delhi. Faculty of Mathematical Sciences. Deptt. of Operational Research
_91238085
942 _cTH
999 _c1850280
_d1850280